000 00793nam a2200253Ia 4500
003 OSt
005 20221005084015.0
006 a|||||r|||| 00| 0
007 ta
008 221004b |||||||| |||| 00| 0 eng d
020 _a1592217354 (pbk)
_c1575.07
024 _a114521
037 _b1748, 10/01/2012, Channel Publications
_cTextual
040 _aCRL
_cCRL
_beng
041 _2eng
_aeng
082 _aX:77.6, Q0
100 _aRukato Hesphina
_9612966
245 0 _aFuture Africa
_b Prospects for democracy and development under NEPAD
260 _aNew Jersey
_bAfrica World Press USA
_c2010
300 _axv,277p.
_ccm.
650 _aECONOMICS
942 _hX:77.6, Q0
_cTEXL
_2cc
999 _c991887
_d991887